[Event "2. Bundesliga Ost 2019/2020"]
[Site "alle Wien"]
[Date "2020.02.29"]
[Round "8"]
[Board "4"]
[White "Vitouch, Anatol"]
[Black "Fabi-Zojer, Stefan"]
[Result "1-0"]
[WhiteElo "2286"]
[BlackElo "2178"]
[PlyCount "69"]
[EventDate "2019.10.19"]
[EventType "team"]
[EventRounds "11"]
[EventCountry "AUT"]
[WhiteTeam "ASVOE Pamhagen"]
[BlackTeam "SK Advisory Invest Baden"]

1. c4 c6 2. g3 d5 3. Nf3 Nf6 4. Bg2 e6 5. b3 Nbd7 6. Bb2 Be7 7. O-O O-O 8. Qc2
b6 9. d4 Bb7 10. Nbd2 Rc8 11. e4 c5 12. exd5 exd5 13. Qf5 dxc4 14. Nxc4 cxd4
15. Rad1 Be4 16. Qf4 d3 17. Nd4 Bxg2 18. Kxg2 Nd5 19. Qf3 Nc5 20. Ne5 Bf6 21.
Rfe1 Ne6 22. Ndc6 Qd6 23. Rxd3 Rxc6 24. Rxd5 Ng5 25. Qd1 Qe6 26. Nxc6 Qxc6 27.
Bxf6 Qxf6 28. Re3 Qc6 29. f3 h6 30. Rd8 Rxd8 31. Qxd8+ Kh7 32. Qd3+ g6 33. h4
Ne6 34. h5 Nc5 35. hxg6+  1-0

[Event "2. Bundesliga Ost 2019/2020"]
[Site "alle Wien"]
[Date "2020.02.29"]
[Round "8"]
[Board "5"]
[White "Rudolf, Herbert"]
[Black "Alvir, Aco"]
[Result "0-1"]
[WhiteElo "2068"]
[BlackElo "2338"]
[PlyCount "22"]
[EventDate "2019.10.19"]
[EventType "team"]
[EventRounds "11"]
[EventCountry "AUT"]
[WhiteTeam "SK Advisory Invest Baden"]
[BlackTeam "ASVOE Pamhagen"]

1. e4 g6 2. d4 Bg7 3. Nc3 c5 4. dxc5 Bxc3+ 5. bxc3 Nf6 6. Bd3 Qa5 7. Ne2 Qxc5
8. O-O O-O 9. c4 d6 10. Rb1 Be6 11. Rxb7 Nbd7  0-1

[Event "2. Bundesliga Ost 2019/2020"]
[Site "alle Wien"]
[Date "2020.02.29"]
[Round "8"]
[Board "6"]
[White "Kuthan, Andreas"]
[Black "Herndlbauer, Martin"]
[Result "1-0"]
[WhiteElo "2194"]
[BlackElo "2047"]
[PlyCount "81"]
[EventDate "2019.10.19"]
[EventType "team"]
[EventRounds "11"]
[EventCountry "AUT"]
[WhiteTeam "ASVOE Pamhagen"]
[BlackTeam "SK Advisory Invest Baden"]

1. c4 c6 2. e4 d6 3. d4 Nd7 4. Nc3 e5 5. Be3 Ngf6 6. f3 Be7 7. Nge2 Nh5 8. Qd2
Nb6 9. b3 a5 10. Rd1 Qc7 11. g3 O-O 12. Bg2 g6 13. O-O Ng7 14. f4 exd4 15. Nxd4
f5 16. Rfe1 fxe4 17. Bxe4 Bg4 18. Rc1 a4 19. Bg2 axb3 20. axb3 Qd7 21. Nd1 Ra6
22. Nf2 Bf5 23. Nd3 Bg4 24. Nf2 Bf5 25. Nd3 Bg4 26. Bf2 Bf6 27. Nf3 Rfa8 28.
Nb4 Ra3 29. Bxb6 Rxb3 30. Bd4 Bxf3 31. Bxf6 Bxg2 32. Re7 Qxe7 33. Bxe7 Nf5 34.
Kxg2 Nxe7 35. Qxd6 Nf5 36. Qe6+ Kg7 37. Qd7+ Kh6 38. Nd3 Ra2+ 39. Nf2 Rbb2 40.
Rf1 Ne3+ 41. Kf3  1-0

[Event "2. Bundesliga Ost 2019/2020"]
[Site "alle Wien"]
[Date "2020.03.01"]
[Round "9"]
[Board "1"]
[White "Horvath, Dominik"]
[Black "Schroll, Gerhard"]
[Result "1/2-1/2"]
[WhiteElo "2433"]
[BlackElo "2317"]
[PlyCount "75"]
[EventDate "2019.10.19"]
[EventType "team"]
[EventRounds "11"]
[EventCountry "AUT"]
[WhiteTeam "ASVOE Pamhagen"]
[BlackTeam "ASVOE Mattersburg"]

1. Nf3 e6 2. c4 d5 3. g3 Nf6 4. Bg2 Be7 5. d4 O-O 6. Qc2 dxc4 7. Qxc4 a6 8. Ne5
Nbd7 9. Bf4 Nb6 10. Qd3 Nbd5 11. Bd2 Nb4 12. Bxb4 Bxb4+ 13. Nc3 Nd7 14. Nf3 Rb8
15. O-O b6 16. Rfd1 Bb7 17. Rac1 Qe7 18. Ne1 b5 19. a3 Bxg2 20. Nxg2 Ba5 21. b4
Bb6 22. Nf4 Rfd8 23. Qf3 Qe8 24. e3 e5 25. Nd3 exd4 26. exd4 Qe6 27. Nd5 Ne5
28. dxe5 Qxd5 29. Qe2 Qb3 30. Nf4 Qxa3 31. e6 Rf8 32. Rb1 fxe6 33. Rd3 Qa4 34.
Qxe6+ Kh8 35. Rd2 Qa3 36. Rd3 Qa4 37. Rd2 Qa3 38. Rd3  1/2-1/2

[Event "2. Bundesliga Ost 2019/2020"]
[Site "alle Wien"]
[Date "2020.03.01"]
[Round "9"]
[Board "2"]
[White "Wukits, Rene"]
[Black "Lipka, Juraj"]
[Result "1/2-1/2"]
[WhiteElo "2279"]
[BlackElo "2405"]
[PlyCount "50"]
[EventDate "2019.10.19"]
[EventType "team"]
[EventRounds "11"]
[EventCountry "AUT"]
[WhiteTeam "ASVOE Mattersburg"]
[BlackTeam "ASVOE Pamhagen"]

1. d4 d5 2. c4 c6 3. Nf3 e6 4. e3 Bd6 5. b3 f5 6. Bd3 Nf6 7. O-O Qe7 8. Bb2 O-O
9. Ne5 b6 10. Nd2 Bb7 11. cxd5 cxd5 12. Qe2 Nc6 13. Nxc6 Bxc6 14. Nf3 Nd7 15.
Rfc1 Bb7 16. Rc2 Rac8 17. Rac1 Rxc2 18. Rxc2 Rc8 19. Rxc8+ Bxc8 20. Qc2 Bb7 21.
Qc1 h6 22. Ne1 Nb8 23. Nf3 Nd7 24. Ne1 Nb8 25. Nf3 Nd7  1/2-1/2

[Event "2. Bundesliga Ost 2019/2020"]
[Site "alle Wien"]
[Date "2020.03.01"]
[Round "9"]
[Board "3"]
[White "Volkmann, Friedrich Karl"]
[Black "Brod, Manfred"]
[Result "1-0"]
[WhiteElo "2403"]
[BlackElo "2217"]
[PlyCount "69"]
[EventDate "2019.10.19"]
[EventType "team"]
[EventRounds "11"]
[EventCountry "AUT"]
[WhiteTeam "ASVOE Pamhagen"]
[BlackTeam "ASVOE Mattersburg"]

1. d4 d5 2. Nf3 Nf6 3. c4 dxc4 4. e3 e6 5. Bxc4 c5 6. O-O a6 7. Bb3 Nc6 8. Nc3
Qc7 9. Qe2 Bd6 10. dxc5 Bxc5 11. e4 Ng4 12. g3 h5 13. Bf4 e5 14. Nd5 Qd6 15.
Bg5 f6 16. Be3 Nxe3 17. fxe3 Ne7 18. Rac1 Nxd5 19. Bxd5 Bd7 20. Rfd1 Qb6 21.
Kf2 Rc8 22. Rc3 Qa7 23. Rdc1 a5 24. a3 a4 25. Nh4 b6 26. Qd3 Rd8 27. Qc4 Rh6
28. Bf7+ Ke7 29. Rd1 Bg4 30. Ng6+ Rxg6 31. Rxd8 Kxd8 32. Bxg6 Qe7 33. Rd3+ Kc7
34. Qxa4 Qe6 35. Be8  1-0

[Event "2. Bundesliga Ost 2019/2020"]
[Site "alle Wien"]
[Date "2020.03.01"]
[Round "9"]
[Board "4"]
[White "Strodl, Joachim"]
[Black "Vitouch, Anatol"]
[Result "1/2-1/2"]
[WhiteElo "2165"]
[BlackElo "2286"]
[PlyCount "115"]
[EventDate "2019.10.19"]
[EventType "team"]
[EventRounds "11"]
[EventCountry "AUT"]
[WhiteTeam "ASVOE Mattersburg"]
[BlackTeam "ASVOE Pamhagen"]

1. Nf3 d5 2. e3 Bg4 3. c4 c6 4. cxd5 Bxf3 5. Qxf3 cxd5 6. Bb5+ Nc6 7. O-O Nf6
8. d4 e6 9. Nc3 Rc8 10. Qe2 a6 11. Bd3 Bd6 12. f4 Bb4 13. Bd2 O-O 14. Qf3 Na5
15. Qh3 Nc4 16. Nxd5 exd5 17. Bxb4 Re8 18. Rae1 Nxb2 19. Bb1 Nc4 20. Bf5 Rc6
21. Re2 a5 22. Be1 Nd6 23. Bh4 Nxf5 24. Qxf5 Qd7 25. Qb1 Ne4 26. Rb2 Nd6 27. f5
Rxe3 28. Bg3 Re7 29. f6 gxf6 30. Rxf6 Ne4 31. Rxc6 bxc6 32. Bh4 Re8 33. h3 Nd6
34. Qc1 Qe6 35. Re2 Qg6 36. Rxe8+ Nxe8 37. Qe1 Qe4 38. Qg3+ Kf8 39. Qf2 a4 40.
Bg3 Ke7 41. Qb2 Ke6 42. Qb4 a3 43. Qb6 Nd6 44. Kh2 Nc4 45. Qxc6+ Kf5 46. Bf2
Qe6 47. Qa4 Qd6+ 48. Bg3 Qe7 49. Qc6 Ke4 50. Qh6 Kxd4 51. Bf2+ Ne3 52. Qb6+ Kd3
53. Qb5+ Kd2 54. Qa5+ Ke2 55. Qe1+ Kd3 56. Qb1+ Ke2 57. Qe1+ Kd3 58. Qb1+
 1/2-1/2

[Event "2. Bundesliga Ost 2019/2020"]
[Site "alle Wien"]
[Date "2020.03.01"]
[Round "9"]
[Board "5"]
[White "Alvir, Aco"]
[Black "Salamon, Werner"]
[Result "1/2-1/2"]
[WhiteElo "2338"]
[BlackElo "2149"]
[PlyCount "73"]
[EventDate "2019.10.19"]
[EventType "team"]
[EventRounds "11"]
[EventCountry "AUT"]
[WhiteTeam "ASVOE Pamhagen"]
[BlackTeam "ASVOE Mattersburg"]

1. e4 e5 2. Nf3 Nc6 3. Bb5 d6 4. d4 exd4 5. Qxd4 Bd7 6. Bxc6 Bxc6 7. Nc3 Nf6 8.
Be3 Be7 9. O-O-O O-O 10. Rhe1 Ng4 11. Kb1 Bf6 12. Qd2 Nxe3 13. Rxe3 Re8 14.
Rde1 g6 15. Nd5 Bg7 16. Qd3 Bh6 17. R3e2 Bg7 18. Nd2 Bxd5 19. exd5 Rxe2 20.
Rxe2 Qd7 21. h3 a6 22. c3 Kf8 23. Re4 Re8 24. Kc2 Re5 25. a4 f5 26. Rb4 a5 27.
Rb5 b6 28. Nf3 Re4 29. Ng5 Rxa4 30. c4 Qe7 31. Ne6+ Kg8 32. Kb1 Qh4 33. Nxg7
Kxg7 34. Qc3+ Qf6 35. Qb3 Rb4 36. Rxb4 axb4 37. Qxb4  1/2-1/2

[Event "2. Bundesliga Ost 2019/2020"]
[Site "alle Wien"]
[Date "2020.03.01"]
[Round "9"]
[Board "6"]
[White "Braun, Karl-Heinz"]
[Black "Prinzjakowitsch, Bernhard"]
[Result "0-1"]
[WhiteElo "2052"]
[BlackElo "2092"]
[PlyCount "118"]
[EventDate "2019.10.19"]
[EventType "team"]
[EventRounds "11"]
[EventCountry "AUT"]
[WhiteTeam "ASVOE Mattersburg"]
[BlackTeam "ASVOE Pamhagen"]

1. e4 c5 2. Nf3 d6 3. Bc4 Qc7 4. Nc3 e6 5. O-O a6 6. a4 Nc6 7. Re1 Nf6 8. d3
Be7 9. Bf4 O-O 10. h3 Bd7 11. e5 dxe5 12. Nxe5 Bd6 13. Nxd7 Nxd7 14. Bxd6 Qxd6
15. Ne4 Qe7 16. Re3 Nb6 17. Nd2 Nd4 18. a5 Nd7 19. Nb3 Nf5 20. Re1 Rad8 21. Qf3
Nd6 22. Nd2 Qg5 23. Ne4 Nxe4 24. Qxe4 Rb8 25. c3 Nf6 26. Qe5 Qxe5 27. Rxe5 Rbc8
28. Rd1 Rfd8 29. g3 h5 30. Kg2 g6 31. Ra1 Kg7 32. Rae1 Rd6 33. Ra1 Nd7 34. Re2
e5 35. Ra3 f6 36. Ra1 Nb8 37. f4 Nc6 38. Kf3 Rc7 39. h4 Re7 40. Re3 Rdd7 41.
Bb3 Kh6 42. Ba4 exf4 43. Rxe7 Rxe7 44. Bxc6 bxc6 45. gxf4 Rb7 46. Ra2 g5 47.
fxg5+ fxg5 48. hxg5+ Kxg5 49. Kg3 h4+ 50. Kg2 Rd7 51. Ra4 Rb7 52. Ra2 Kf4 53.
Ra4+ Ke3 54. d4 Rxb2+ 55. Kh3 Kd3 56. Kxh4 c4 57. d5 cxd5 58. Rb4 Ra2 59. Kg3
Kxc3  0-1

[Event "2. Bundesliga Ost 2019/2020"]
[Site "alle Wien"]
[Date "2020.03.01"]
[Round "9"]
[Board "1"]
[White "Mikes, Jan"]
[Black "Sharashenidze, Akaki"]
[Result "1-0"]
[WhiteElo "2355"]
[BlackElo "2373"]
[PlyCount "67"]
[EventDate "2019.10.19"]
[EventType "team"]
[EventRounds "11"]
[EventCountry "AUT"]
[WhiteTeam "SG Mistelbach/Altlichtenwarth"]
[BlackTeam "SK Advisory Invest Baden"]

1. e4 e5 2. Nf3 Nf6 3. d4 Nxe4 4. Bd3 d5 5. Nxe5 Nf6 6. O-O Be7 7. Re1 O-O 8.
Nd2 Re8 9. Ndf3 h6 10. c4 Nbd7 11. c5 Nxe5 12. Nxe5 Be6 13. b4 Nd7 14. Bf4 Nxe5
15. Bxe5 Bf6 16. Bc2 Bxe5 17. Rxe5 f6 18. Re1 Bf7 19. Qd3 Qd7 20. Qh7+ Kf8 21.
a4 Rxe1+ 22. Rxe1 Re8 23. Rxe8+ Qxe8 24. Kf1 Qe6 25. Qh8+ Bg8 26. Bh7 f5 27. h4
c6 28. h5 a6 29. Kg1 Qf7 30. a5 Qe6 31. Kh2 Qf7 32. Kg3 Qf6 33. Qxg8+ Ke7 34.
Bxf5  1-0

[Event "2. Bundesliga Ost 2019/2020"]
[Site "alle Wien"]
[Date "2020.03.01"]
[Round "9"]
[Board "2"]
[White "Rubil, Marko"]
[Black "Groetz, Harald"]
[Result "1/2-1/2"]
[WhiteElo "2290"]
[BlackElo "2312"]
[PlyCount "136"]
[EventDate "2019.10.19"]
[EventType "team"]
[EventRounds "11"]
[EventCountry "AUT"]
[WhiteTeam "SK Advisory Invest Baden"]
[BlackTeam "SG Mistelbach/Altlichtenwarth"]

1. e4 c5 2. Nf3 d6 3. d4 cxd4 4. Nxd4 Nf6 5. Nc3 Nc6 6. Bg5 e6 7. Qd2 a6 8.
O-O-O Bd7 9. f4 h6 10. Bh4 g5 11. fxg5 Ng4 12. Nf3 Be7 13. g3 Nge5 14. Nxe5
hxg5 15. Nc4 gxh4 16. Nxd6+ Bxd6 17. Qxd6 Qg5+ 18. Qf4 Qe5 19. Be2 O-O-O 20.
Rd6 f6 21. Rhd1 hxg3 22. hxg3 Qxf4+ 23. gxf4 Rh4 24. Bc4 e5 25. Rxd7 Rxd7 26.
Be6 Nd4 27. Bxd7+ Kxd7 28. Ne2 Kc6 29. Nxd4+ exd4 30. Rxd4 Rxf4 31. Kd2 Rf3 32.
Rd5 Rh3 33. Rf5 Rh6 34. a4 Kd6 35. a5 Ke6 36. b4 Rh3 37. Rd5 Ra3 38. Rd3 Ra1
39. Rd8 Rh1 40. Rd5 Rh3 41. c3 Rg3 42. Rd3 Rg5 43. Ke3 f5 44. exf5+ Rxf5 45.
Rd8 Rh5 46. Kd4 Rg5 47. Kc4 Rh5 48. Rb8 Rb5 49. Kb3 Kd6 50. c4 Kc7 51. cxb5
Kxb8 52. bxa6 bxa6 53. Kc2 Kc8 54. Kd2 Kd8 55. Ke3 Kc7 56. Kd3 Kd7 57. Kc2 Kc8
58. Kb2 Kb8 59. Ka3 Kc7 60. Ka2 Kc8 61. Ka1 Kc7 62. Ka2 Kc8 63. Kb1 Kb7 64. Ka1
Kc7 65. Kb1 Kb7 66. Kc1 Kc7 67. Kb2 Kb8 68. Kc2 Kc8  1/2-1/2

[Event "2. Bundesliga Ost 2019/2020"]
[Site "alle Wien"]
[Date "2020.03.01"]
[Round "9"]
[Board "3"]
[White "Vrana, Frantisek"]
[Black "Trippold, Denise"]
[Result "1-0"]
[WhiteElo "2254"]
[BlackElo "2180"]
[PlyCount "209"]
[EventDate "2019.10.19"]
[EventType "team"]
[EventRounds "11"]
[EventCountry "AUT"]
[WhiteTeam "SG Mistelbach/Altlichtenwarth"]
[BlackTeam "SK Advisory Invest Baden"]

1. e4 e6 2. d3 d5 3. Nd2 c5 4. Ngf3 Nc6 5. g3 Nf6 6. Bg2 g6 7. O-O Bg7 8. c3
O-O 9. Re1 a5 10. a4 b6 11. exd5 Nxd5 12. Nc4 Bb7 13. Qb3 Qc7 14. Bg5 h6 15.
Bd2 Rad8 16. Rad1 Kh7 17. Bc1 Rd7 18. h4 Rfd8 19. Nh2 Rb8 20. Be4 Kh8 21. Bg2
Ba6 22. Ng4 Kh7 23. Qc2 h5 24. Nh2 Ne5 25. Nxe5 Bxe5 26. Nf3 Bg7 27. Qe2 Re8
28. Ng5+ Kh8 29. Nxf7+ Rxf7 30. Bxd5 Ref8 31. Be4 Rxf2 32. Qxf2 Rxf2 33. Kxf2
Qf7+ 34. Ke2 Qc7 35. Bf4 Be5 36. Rf1 Kg7 37. Rf3 Bxf4 38. Rxf4 e5 39. Rf3 Bc8
40. Rf2 Bg4+ 41. Bf3 Qd7 42. Ke3 Qxa4 43. Rdf1 Bxf3 44. Rxf3 Qb3 45. Rf8 Qe6
46. Rb8 Qc6 47. Rbf8 Qe6 48. Ra8 Qe7 49. Rb8 Qc7 50. Rff8 e4 51. Rg8+ Kh7 52.
Rh8+ Kg7 53. Rbg8+ Kf6 54. Rf8+ Kg7 55. Kxe4 Qxg3 56. Rfg8+ Kf7 57. Rb8 Qxh4+
58. Kd5 Qg5+ 59. Kc4 h4 60. Rb7+ Kf6 61. Rf8+ Ke5 62. Rxb6 Qg4+ 63. Kxc5 h3 64.
Rb7 Qg1+ 65. d4+ Ke4 66. Re7+ Kd3 67. Rf3+ Kc2 68. Rxh3 Qg5+ 69. Re5 Qg4 70.
Rh2+ Kb3 71. Kb6 Qd7 72. Rb5+ Kc4 73. Rc5+ Kb3 74. Re2 Qd8+ 75. Kb7 Qd7+ 76.
Ka6 Qd6+ 77. Kxa5 Qd8+ 78. Ka6 Qd6+ 79. Kb7 Qd7+ 80. Kb8 Qd8+ 81. Kb7 Qd7+ 82.
Kb6 Qd8+ 83. Rc7 Qd6+ 84. Kb7 Qd5+ 85. Ka7 Qd8 86. Rb7+ Kc4 87. Re5 g5 88. Rc5+
Kd3 89. Rg7 g4 90. b4 Qf8 91. Rcc7 Qf5 92. d5 Qf2+ 93. Rc5 Qf4 94. c4 g3 95. d6
Qf6 96. Rxg3+ Ke4 97. d7 Qd8 98. Rg4+ Kf3 99. Rg7 Qh8 100. Rcg5 Qd8 101. Kb7
Kf4 102. c5 Qf8 103. b5 Ke3 104. Rg8 Qe7 105. Re8  1-0

[Event "2. Bundesliga Ost 2019/2020"]
[Site "alle Wien"]
[Date "2020.03.01"]
[Round "9"]
[Board "4"]
[White "Fabi-Zojer, Stefan"]
[Black "Gasa, Andrej"]
[Result "1-0"]
[WhiteElo "2178"]
[BlackElo "2213"]
[PlyCount "93"]
[EventDate "2019.10.19"]
[EventType "team"]
[EventRounds "11"]
[EventCountry "AUT"]
[WhiteTeam "SK Advisory Invest Baden"]
[BlackTeam "SG Mistelbach/Altlichtenwarth"]

1. d4 d5 2. Bf4 Nf6 3. e3 e6 4. Nd2 Be7 5. Bd3 O-O 6. Ngf3 c5 7. c3 Nc6 8. O-O
g6 9. Ne5 Nh5 10. Bh6 Nxe5 11. dxe5 Ng7 12. f4 Qb6 13. c4 Qxb2 14. cxd5 exd5
15. Rb1 Qa3 16. Rb3 Qa4 17. f5 f6 18. Rf4 Qc6 19. Bb5 Qc7 20. e6 g5 21. Rh4
Nxf5 22. Bd3 Nxh4 23. Qh5 f5 24. Bxf8 Bxf8 25. Qxg5+ Ng6 26. Bxf5 Qg7 27. Qd8
Qa1+ 28. Rb1 Qe5 29. Bxg6 Qd6 30. Bf7+ Kh8 31. Qg5 Bg7 32. e7 Bd7 33. Rxb7 Bc6
34. e8=Q+ Rxe8 35. Rxa7 Bh6 36. Qf5 Bxe3+ 37. Kh1 Qe5 38. Qb1 Rb8 39. Nb3 c4
40. Ra6 Bb6 41. Nd2 c3 42. Nf3 Qe4 43. Qf1 Qc4 44. Qe1 Qe4 45. Qf1 Qf5 46. Qe1
c2 47. Rxb6  1-0

[Event "2. Bundesliga Ost 2019/2020"]
[Site "alle Wien"]
[Date "2020.03.01"]
[Round "9"]
[Board "5"]
[White "Teuber, Andreas"]
[Black "Juenger, Heinz"]
[Result "1/2-1/2"]
[WhiteElo "2117"]
[BlackElo "2175"]
[PlyCount "56"]
[EventDate "2019.10.19"]
[EventType "team"]
[EventRounds "11"]
[EventCountry "AUT"]
[WhiteTeam "SG Mistelbach/Altlichtenwarth"]
[BlackTeam "SK Advisory Invest Baden"]

1. d4 Nf6 2. Nf3 g6 3. Bg5 Bg7 4. Nbd2 d5 5. c3 O-O 6. e3 c6 7. Be2 Bf5 8. Qb3
Qb6 9. Qxb6 axb6 10. O-O h6 11. Bh4 b5 12. h3 g5 13. Bg3 Nbd7 14. Ne5 Nxe5 15.
Bxe5 Ne4 16. Bxg7 Kxg7 17. Nxe4 Bxe4 18. f3 Bh7 19. Kf2 f6 20. f4 e5 21. g3
Rfe8 22. fxg5 fxg5 23. a3 Re7 24. Rae1 exd4 25. exd4 Rf8+ 26. Kg1 Rfe8 27. Kf2
Rf8+ 28. Kg1 Rfe8  1/2-1/2

[Event "2. Bundesliga Ost 2019/2020"]
[Site "alle Wien"]
[Date "2020.03.01"]
[Round "9"]
[Board "6"]
[White "Herndlbauer, Martin"]
[Black "Hajek, Oskar"]
[Result "1-0"]
[WhiteElo "2047"]
[BlackElo "2166"]
[PlyCount "121"]
[EventDate "2019.10.19"]
[EventType "team"]
[EventRounds "11"]
[EventCountry "AUT"]
[WhiteTeam "SK Advisory Invest Baden"]
[BlackTeam "SG Mistelbach/Altlichtenwarth"]

1. d4 Nf6 2. Nf3 c5 3. d5 e6 4. c4 exd5 5. cxd5 d6 6. Nc3 g6 7. e3 Bg7 8. Be2
O-O 9. O-O Na6 10. Nd2 Nc7 11. e4 Re8 12. a4 Rb8 13. f3 b6 14. Nc4 Ba6 15. Bg5
Bxc4 16. Bxc4 a6 17. Qd3 Qc8 18. Bf4 Bf8 19. e5 Nh5 20. Bg5 Rxe5 21. f4 Re8 22.
f5 f6 23. Bd2 g5 24. Qf3 Ng7 25. Bxg5 fxg5 26. f6 Re5 27. fxg7 Bxg7 28. Qf7+
Kh8 29. Bd3 Rb7 30. Qh5 Qg8 31. Rf7 c4 32. Bc2 g4 33. Qh4 Ra7 34. Raf1 Nb5 35.
axb5 Rxf7 36. Rxf7 h5 37. Rf1 axb5 38. Bf5 Qe8 39. Be6 b4 40. Nd1 Qg6 41. Qd8+
Kh7 42. Qxd6 g3 43. Qxe5 Bxe5 44. Bf5 gxh2+ 45. Kh1 Qxf5 46. Rxf5 c3 47. bxc3
bxc3 48. Nxc3 Bxc3 49. d6 Kg6 50. d7 Kxf5 51. d8=Q Be5 52. Qxb6 Bg3 53. Qc5+
Kg4 54. Qc8+ Kg5 55. Qg8+ Kf4 56. Qf7+ Kg5 57. Qg7+ Kf4 58. Qf6+ Kg4 59. Qg6+
Kh4 60. Qf5 Bb8 61. Qh3+  1-0

[Event "2. Bundesliga Ost 2019/2020"]
[Site "alle Wien"]
[Date "2020.03.01"]
[Round "9"]
[Board "1"]
[White "Loeffler, Stefan"]
[Black "Polak, Tomas"]
[Result "0-1"]
[WhiteElo "2373"]
[BlackElo "2527"]
[PlyCount "78"]
[EventDate "2019.10.19"]
[EventType "team"]
[EventRounds "11"]
[EventCountry "AUT"]
[WhiteTeam "ASVOE VHS Poechlarn"]
[BlackTeam "SK Hietzing"]

1. Nf3 Nf6 2. g3 d5 3. Bg2 c6 4. O-O Bg4 5. Ne5 Bh5 6. d4 e6 7. c4 Nbd7 8. Nc3
Be7 9. cxd5 Nxd5 10. g4 Bg6 11. Nxd5 exd5 12. f4 Nxe5 13. dxe5 Qb6+ 14. e3 f5
15. exf6 gxf6 16. Qd4 O-O-O 17. Qxb6 axb6 18. Bd2 Bd3 19. Rf3 h5 20. Rg3 hxg4
21. Rxg4 f5 22. Rg6 Rdg8 23. Rxg8+ Rxg8 24. Kh1 Bf6 25. Bc3 Bxc3 26. bxc3 Kd7
27. Bf3 Re8 28. Re1 Kd6 29. h4 Rh8 30. h5 Be4 31. Bxe4 dxe4 32. Rb1 Kd5 33.
Rxb6 Kc4 34. Rxb7 Kd3 35. Kg2 Kxe3 36. a4 Rxh5 37. a5 Rh4 38. Rf7 Rg4+ 39. Kh3
Kxf4  0-1

[Event "2. Bundesliga Ost 2019/2020"]
[Site "alle Wien"]
[Date "2020.03.01"]
[Round "9"]
[Board "2"]
[White "Vyskocil, Neklan"]
[Black "Ganaus, Hannes"]
[Result "1/2-1/2"]
[WhiteElo "2295"]
[BlackElo "2196"]
[PlyCount "45"]
[EventDate "2019.10.19"]
[EventType "team"]
[EventRounds "11"]
[EventCountry "AUT"]
[WhiteTeam "SK Hietzing"]
[BlackTeam "ASVOE VHS Poechlarn"]

1. d4 Nf6 2. Nf3 g6 3. c4 Bg7 4. Nc3 O-O 5. Bg5 h6 6. Bh4 c5 7. d5 d6 8. e3 g5
9. Bg3 Nh5 10. Be2 f5 11. Nd2 Nxg3 12. hxg3 Na6 13. a3 Nc7 14. Qc2 a6 15. f4 e6
16. dxe6 Bxe6 17. Kf2 Qe7 18. Rad1 Rab8 19. a4 b5 20. axb5 axb5 21. Nxb5 Nxb5
22. cxb5 d5 23. Nf3  1/2-1/2

[Event "2. Bundesliga Ost 2019/2020"]
[Site "alle Wien"]
[Date "2020.03.01"]
[Round "9"]
[Board "3"]
[White "Weinzettl, Ernst"]
[Black "Belke, Frank"]
[Result "0-1"]
[WhiteElo "2175"]
[BlackElo "2261"]
[PlyCount "74"]
[EventDate "2019.10.19"]
[EventType "team"]
[EventRounds "11"]
[EventCountry "AUT"]
[WhiteTeam "ASVOE VHS Poechlarn"]
[BlackTeam "SK Hietzing"]

1. Nf3 Nf6 2. d4 g6 3. c4 Bg7 4. Nc3 d5 5. e3 O-O 6. Be2 c5 7. O-O cxd4 8. exd4
Nc6 9. h3 Bf5 10. Be3 dxc4 11. Bxc4 Na5 12. Be2 Nd5 13. Bg5 Nxc3 14. bxc3 h6
15. Bd2 Rc8 16. Re1 Be6 17. Qc1 Kh7 18. Qa3 a6 19. Bf4 Re8 20. Bd3 Nc4 21. Qc1
Bd5 22. Ne5 Nxe5 23. Bxe5 Qa5 24. c4 Bxc4 25. Bxc4 Qb4 26. Qf4 Qxc4 27. Bxg7
Kxg7 28. Rac1 Qxa2 29. Rxc8 Rxc8 30. Rxe7 Qd5 31. Re5 Qd6 32. Qe3 b5 33. h4 Rc4
34. Re4 h5 35. f4 Qf6 36. d5 Rc2 37. Rd4 Rc1+  0-1

[Event "2. Bundesliga Ost 2019/2020"]
[Site "alle Wien"]
[Date "2020.03.01"]
[Round "9"]
[Board "4"]
[White "Penz, Harald"]
[Black "Ernst, Michael"]
[Result "1/2-1/2"]
[WhiteElo "2278"]
[BlackElo "2169"]
[PlyCount "66"]
[EventDate "2019.10.19"]
[EventType "team"]
[EventRounds "11"]
[EventCountry "AUT"]
[WhiteTeam "SK Hietzing"]
[BlackTeam "ASVOE VHS Poechlarn"]

1. e4 e6 2. Nf3 d5 3. exd5 exd5 4. d4 Nf6 5. Bd3 Be7 6. O-O O-O 7. h3 Re8 8.
Re1 Nbd7 9. c4 dxc4 10. Bxc4 Nb6 11. Bb3 Nbd5 12. Nc3 c6 13. Bg5 Be6 14. Nxd5
Bxd5 15. Bxf6 Bxf6 16. Rxe8+ Qxe8 17. Bxd5 cxd5 18. Qb3 Qc6 19. Ne5 Bxe5 20.
dxe5 Rd8 21. Re1 h6 22. Qd3 a6 23. a3 Qc4 24. Rd1 Qxd3 25. Rxd3 g5 26. Kf1 Kg7
27. Ke2 f6 28. exf6+ Kxf6 29. Re3 Rd6 30. Kd3 Rc6 31. Re8 Rb6 32. Re2 Re6 33.
Rc2 Rc6  1/2-1/2

[Event "2. Bundesliga Ost 2019/2020"]
[Site "alle Wien"]
[Date "2020.03.01"]
[Round "9"]
[Board "5"]
[White "Batyte, Daiva"]
[Black "Mozny, Milos"]
[Result "1/2-1/2"]
[WhiteElo "2145"]
[BlackElo "2256"]
[PlyCount "60"]
[EventDate "2019.10.19"]
[EventType "team"]
[EventRounds "11"]
[EventCountry "AUT"]
[WhiteTeam "ASVOE VHS Poechlarn"]
[BlackTeam "SK Hietzing"]

1. Nf3 d5 2. c4 e6 3. g3 c5 4. Bg2 Nc6 5. O-O Nf6 6. cxd5 exd5 7. d4 c4 8. Nc3
Be7 9. Ne5 O-O 10. b3 cxb3 11. Nxc6 bxc6 12. axb3 Bb4 13. Bb2 a5 14. Na4 Ba6
15. Nc5 Bb5 16. Nd3 Qe7 17. Qc2 Rfe8 18. e3 Ne4 19. Rfd1 Bd6 20. Bc3 Nxc3 21.
Qxc3 a4 22. bxa4 Bxa4 23. Rdc1 Bb5 24. Nc5 Bxc5 25. Qxc5 Qxc5 26. dxc5 Kf8 27.
Rcb1 Rxa1 28. Rxa1 Rd8 29. h4 h6 30. Bf3 g5  1/2-1/2

[Event "2. Bundesliga Ost 2019/2020"]
[Site "alle Wien"]
[Date "2020.03.01"]
[Round "9"]
[Board "6"]
[White "Wagner, Leopold Franziskus"]
[Black "Schweitzer, Werner"]
[Result "0-1"]
[WhiteElo "2098"]
[BlackElo "2035"]
[PlyCount "110"]
[EventDate "2019.10.19"]
[EventType "team"]
[EventRounds "11"]
[EventCountry "AUT"]
[WhiteTeam "SK Hietzing"]
[BlackTeam "ASVOE VHS Poechlarn"]

1. e4 c6 2. d4 d5 3. exd5 cxd5 4. Bd3 Nc6 5. c3 Qc7 6. Ne2 Bg4 7. f3 Bh5 8. Bf4
Qd7 9. Na3 e6 10. Nc2 Bg6 11. O-O Bd6 12. a4 Nge7 13. Bg3 Nf5 14. Bxf5 Bxf5 15.
Ne3 Bg6 16. b4 O-O 17. Qd2 Rfc8 18. Bxd6 Qxd6 19. f4 Ne7 20. Ng3 Qc7 21. Rae1
Qd7 22. a5 b6 23. Ra1 Qc7 24. Ne2 Be4 25. Ra3 Nf5 26. Nxf5 exf5 27. Rfa1 Qc6
28. Qa2 Rab8 29. Qd2 Qc4 30. axb6 axb6 31. Ng3 g6 32. Nf1 h5 33. Ne3 Qc7 34.
Nd1 Kg7 35. h4 Qc4 36. Ne3 Qc6 37. Qa2 Rc7 38. Rc1 Rbc8 39. Kf2 Qd6 40. g3 g5
41. hxg5 h4 42. Ra8 hxg3+ 43. Kxg3 Rxc3 44. Rxc3 Rxc3 45. Ra3 Qxb4 46. Rxc3
Qxc3 47. Qf2 b5 48. g6 fxg6 49. Kh4 Qc1 50. Qh2 Kf6 51. Qf2 b4 52. Qe2 Qh1+ 53.
Kg3 Qg1+ 54. Kh3 Kg7 55. Nxd5 Qg4+  0-1